| 000 | 00369nam a2200133Ia 4500 | ||
|---|---|---|---|
| 008 | 191014s9999 xx 000 0 und d | ||
| 020 | _a981-02-3387-6 | ||
| 082 |
_a539.744 _bESP |
||
| 100 |
_aD. Espriu, A. Pich _920589 |
||
| 245 | 0 | _aAdvanced School on Electroweak Theory | |
| 260 |
_aSingapore _bWorld Scientific Company _c1998 |
||
| 300 | _aVii,227 | ||
| 942 | _cBK | ||
| 999 |
_c531184 _d531184 |
||